Ukrajins'ka čytanka dlja 3 klasu seredn'oji školy /

Další autoři: Štefuca, Michal
Jazyk: Ukrajinština
Vydáno: Bratislava : Deržavne vydavnyctvo, 1952
Vydání: Vyd. 1.
Fyzický popis: 323 s. ; 8°
Knihy
Uloženo v:
LEADER 00677nam a22002052a 4500
001 001464499
003 CZ BrMZK
005 20151002145845.0
007 ta
008 150403s1952 xo er|||||||||||ukr d
040 |a ABA001  |b cze  |c ABA001  |d ABA001  |d ABA012  |d BOA001 
245 0 0 |a Ukrajins'ka čytanka dlja 3 klasu seredn'oji školy /  |c Michal Štefuca ... [et al.] 
250 |a Vyd. 1. 
260 |a Bratislava :  |b Deržavne vydavnyctvo,  |c 1952 
300 |a 323 s. ;  |c 8° 
700 1 |a Štefuca, Michal  |7 jx20071119035  |4 aut 
910 |a BOA001  |b 2-0300.109 
990 |a BK 
991 |b 201503 
996 7 |b 2618833260  |c 2-0300.109  |l MZK  |r Sklad / do 24 hodin  |n 0  |w 001499525  |u 000010  |a 1  |e BOA001  |j MZK50  |s A